Statistical methods for forecasting

Gespeichert in:
Bibliographische Detailangaben
Hauptverfasser: Abraham, Bovas (VerfasserIn), Ledolter, Johannes (VerfasserIn)
Format: Buch
Sprache:Englisch
Veröffentlicht: Nueva York John Wiley 1983
Schriftenreihe:Wiley series in probability and mathematical statistics
Schlagworte:
Tags: Tag hinzufügen
Keine Tags, Fügen Sie den ersten Tag hinzu!

MARC

LEADER 00000nam a2200000 a 4500
001 UCW1417
003 CL-VaPUC
008 920622e19830000US |||||||||||||||||eng|d
082 0 4 |a 519.54  |b ABR  |2 21 
100 0 |a Abraham, Bovas  |e author  |9 305361 
700 0 |a Ledolter, Johannes  |e author  |9 305362 
245 1 0 |a Statistical methods for forecasting 
300 |a 445 p 
942 |c BK 
945 |d 19920622 00:00:00 
260 |a Nueva York  |b John Wiley  |c 1983 
650 7 |a TEORIA DE LA PREDICCION  |2 CL-VaPUC  |9 270919 
650 0 |a Análisis de regresión   |9 263763 
650 0 |a Análisis de series de tiempo   |9 260363 
583 |a last modification  |c 19920622 00:00:00  |k Rodrigo Vera 
490 0 |a Wiley series in probability and mathematical statistics 
999 |c 216307  |d 216305 
952 |0 0  |1 0  |4 0  |6 519_540000000000000_ABR_1983  |7 0  |8 A  |9 201916  |a BIBGIM  |b BIBGIM  |d 2019-11-14  |i 2691205  |o 519.54 ABR 1983  |p 2691205  |r 2025-01-15  |w 2019-11-14  |y BK  |k EST